Statistics, (Record no. 5238)

MARC details
005 - DATE AND TIME OF LATEST TRANSACTION
control field 20250626081214.0
020 ## - INTERNATIONAL STANDARD BOOK NUMBER
International Standard Book Number 0-13-065598-8
082 ## - DEWEY DECIMAL CLASSIFICATION NUMBER
Classification number 519.5 McC
100 ## - MAIN ENTRY--PERSONAL NAME
Author name McClave, T. J.
245 ## - TITLE STATEMENT
Title Statistics,
250 ## - EDITION STATEMENT
Edition statement 9th Ed.
260 ## - PUBLICATION, DISTRIBUTION, ETC.
Place of publication, distribution, etc. New York,
Name of publisher, distributor, etc. Prentice Hall,
Date of publication, distribution, etc. 2003.
300 ## - PHYSICAL DESCRIPTION
Extent xxvi.; 850p.; Ill.; table,
Other physical details Index,
Dimensions 25cm.
700 ## - ADDED ENTRY--PERSONAL NAME
Other authors/Editors SINCICH, T.
942 ## - ADDED ENTRY ELEMENTS (KOHA)
Source of classification or shelving scheme Dewey Decimal Classification
Koha item type Books
Holdings
Date last seen Total checkouts Full call number Barcode Cost, replacement price Price effective from Koha item type Lost status Source of classification or shelving scheme Damaged status Not for loan Withdrawn status Home library Current library Shelving location Date acquired Cost, normal purchase price
06/26/2025   519.5 McC DOM0001025 225000.00 06/26/2025 Books   Dewey Decimal Classification       CBE Dodoma CBE Dodoma General Collection 05/26/2015 75000.00